Evaluación y análisis del sistema de tratamiento primario de las aguas residuales de los beneficios de café La Ribera y San Antonio
Furkejuvvon:
| Váldodahkki: | |
|---|---|
| Materiálatiipa: | Girji |
| Almmustuhtton: |
[San José , Costa Rica]
1996
|
| Fáttát: | |
| Fáddágilkorat: |
Lasit fáddágilkoriid
Eai fáddágilkorat, Lasit vuosttaš fáddágilkora!
|
MARC
| LEADER | 00000nam a2200000Ia 4500 | ||
|---|---|---|---|
| 003 | 007982 | ||
| 005 | 20221231144244.0 | ||
| 008 | 140114s1996 cr a m 000 ||s d | ||
| 040 | |c cru CEDI | ||
| 090 | |a TFG 3505 | ||
| 100 | |a Roldán Torres, Mauricio |9 10215 | ||
| 245 | |a Evaluación y análisis del sistema de tratamiento primario de las aguas residuales de los beneficios de café La Ribera y San Antonio | ||
| 260 | |c 1996 |a [San José , Costa Rica] | ||
| 300 | |a [174] hojas : ilustraciones (algunas plegables) | ||
| 500 | |a Proyecto de graduación (licenciatura en ingeniería civil)--Universidad de Costa Rica. Facultad de Ingeniería. Escuela de Ingeniería Civil | ||
| 650 | |x PURIFICACION DE AGUAS RESIDUALES |x BENEFICIO DE CAFE |x SEDIMENTACION |9 10216 | ||
| 942 | |c TFG |2 ddc | ||
| 999 | |c 19158 |d 19158 | ||
